Abkürzungen in der Feuerwehr 3 (Einfach - DE) - Statistiken

Allgemein
  • Dieses Quiz wurde 102 mal gespielt
  • Das Durchschnittsergebnis liegt bei 11 aus 15
Antwortstatistiken
Abkürzung Antwort % Korrekt
TLF Tanklöschfahrzeug
92%
MTW Mannschaftstransportwagen
87%
PSA Persönliche Schutzausrüstung
87%
PA Pressluftatmer
85%
TH / THL Technische Hilfe / Technische Hilfeleistung
85%
TS Tragkraftspritze
83%
TSF Tragkraftspritzenfahrzeug
80%
MZF Mehrzweckfahrzeug / Mehrzwecktransportfahrzeug
77%
LZ Löschzug
74%
OBM Oberbrandmeister
73%
WLF Wechselladerfahrzeug
71%
VLF Vorauslöschfahrzeug
61%
MZB Mehrzweckboot
60%
TEL Technische Einsatzleitung
50%
SiTr Sicherheitstrupp
43%
Keine übereinstimmenden Quizze gefunden
Verteilung der Resultate
Anzahl Personen mit jedem Resultat
Perzentil nach korrekt beantworteten Fragen
Ihre Resultats-Entwicklung
Sie haben dieses Quiz noch nicht gespielt